[Event "Gibraltar Masters"]
[Site "Gibraltar"]
[Date "2006.01.28"]
[Round "5"]
[White "El Amari, Khaled"]
[Black "Phillips, Gordon"]
[Result "1-0"]
[WhiteElo "2137"]
[BlackElo "1790"]
[PlyCount "53"]
[EventDate "2006.01.24"]
[EventType "swiss"]
[EventRounds "10"]
[EventCountry "ENG"]
[SourceTitle "CBM 110 Extra"]
[Source "ChessBase"]
[SourceDate "2006.03.10"]
[SourceVersion "2"]
[SourceVersionDate "2006.03.10"]
[SourceQuality "1"]

1. e4 c5 2. Nc3 Nc6 3. g3 Nf6 4. Bg2 d6 5. Nge2 Bg4 6. f3 Bd7 7. 0-0 e6 8. d3 Nd4 9. Be3 Qb6 10. Rb1 Be7 11. b4 e5 12. Nd5 Nxd5 13. exd5 Nxe2+ 14. Qxe2 Qc7 15. bxc5 dxc5 16. f4 Rb8 17. fxe5 Qxe5 18. Qf2 0-0 19. Bf4 Qd4 20. Bxb8 Qxf2+ 21. Rxf2 Rxb8 22. d6 Bf6 23. Rxf6 gxf6 24. Rxb7 Rxb7 25. Bxb7 Kg7 26. c4 f5 27. d4 1-0